000
00278nam a2200121Ia 4500
008
190216s9999||||xx |||||||||||||| ||und||
100
_a
Dr.Manohar Agnani
245
0
_a
Hindi-Kahan Ko Gayi Betiyan
260
_b
Vani Prakashan
300
_a
142
650
_a
Hindi
942
_c
BK
999
_c
16483
_d
16483